000 00599nam a2200217Ia 4500
003 BUBTL
008 151213s9999 xx 000 0 und d
020 _a984702150058-1
082 _a343.0965492/H79a
100 _aHasan, S.M.Mohiuddin
_93940
245 _aAdmiralty and Maritime Laws Of Bangladesh
_cS.M.Mohiuddin Hasan
250 _a2nd
260 _aDhaka
_bShams
_cc2009
300 _a(52) , 538p . :
_b21 cm.
650 _aLaw
_93941
650 _aLaw
_93941
700 _aS.M.Mohiuddin Hasan
_93942
856 _k0
_l0
_yDownload
942 _2ddc
_cBK
999 _c4064
_d4064